| 000 | 00810nam a2200265 a 4500 | ||
|---|---|---|---|
| 001 | BRCA_5203 | ||
| 005 | 20190320205001.0 | ||
| 008 | 261110s1912----fr-a######---#000-0#fre-# | ||
| 041 | _afre | ||
| 044 | _afr | ||
| 050 | 4 |
_aND813 _b.B37 1912 |
|
| 100 | 1 |
_aBarrès, Maurice _913324 |
|
| 245 | 1 | 0 |
_aGreco ou le secret de Tolède _cMaurice Barrès. |
| 260 |
_aParís _bÉmile-Paul _c1912 |
||
| 300 |
_a188 p. _bil. _c22 cm. |
||
| 500 | _aIncluye listado de obras de Maurice Barrès | ||
| 500 | _aEstado físico: Encuadernación desprendida | ||
| 500 | _aE33 | ||
| 504 | _aIncluye referencias bibliográficas | ||
| 600 | 1 | 4 |
_aTheotocopulli, Domenico _cllamado ´El Greco´ _913325 |
| 650 | 1 | 4 |
_aPintores españoles _97620 |
| 651 | 4 |
_aToledo, España _xDescripción _913326 |
|
| 902 | _aGFM | ||
| 942 |
_2lcc _cB |
||
| 999 |
_c4897 _d4897 |
||